000 00299nam a2200145Ia 4500
100 _aWalsh/ Aaron/E
942 _cBK
654 _aComputer
245 _aJava for Dummies
260 _bComdex Pub
_aNew Delhi
_c1996
082 _a5.133
_bWAL
300 _a362
546 _aENGLISH
999 _c32800
_d32800